000 01011nam a2200385 a 4500
003 AR-BaBNM
005 20251128203356.0
008 082120s2002 ||||||||||||||000 | spa||
040 _cAR-BaBNM
100 1 _aBowra, C.M.
245 0 0 _aHistoria de la literatura griega
250 _a1ª ed.
260 _aMéxico, D.F.
_bFondo de Cultura Económica
_c1948
300 _a212 p.
490 0 _aBreviarios
_vv. 1
500 _aContiene referencias bibliográficas en p. 203
500 _aIndice de nombres en p. 207
650 4 _aLITERATURA GRIEGA
650 4 _aHISTORIA ANTIGUA
650 4 _aHISTORIA LITERARIA
650 4 _aCULTURAS LITERARIAS
650 4 _aFILOLOGIA
650 4 _aHISTORIA CULTURAL
650 4 _aHISTORIA DE LA FILOSOFIA
650 4 _aRETORICA
650 4 _aESCRITORES
650 4 _aTEATRO
650 4 _aRELIGION
650 4 _aMITOLOGIA
653 _aSOFISTAS
655 _aLITERATURA
700 1 _aReyes, Alfonso
_etraductor
942 _cBK
998 _cMARTIN
999 _c3100
_d3100